Personnages les Sirènes de Mako - Statistiques

Statistiques générales
  • Ce quiz a été pris 84 fois
  • Le résultat moyen est 10 sur 16
Statistiques - réponses
Par images Réponse % Correct
Zac Blakely
98%
Sirena
84%
Mimmi
82%
Ondina
79%
Evie McLaren
77%
Erik
67%
Rita Santos
67%
Cam Mitchell
65%
Poséidon
65%
David
63%
Aquata
54%
Nixie
54%
Carly Morgan
49%
Lyla
44%
Weilan
44%
Chris
26%
Aucun quiz correspondant
Distribution des résultats
% des personnes avec chaque résultat
Percentile par nombre de réponses
Votre historique - résultats
Vous n’avez pas pris ce quiz